Guess the 1960s song lyrics #302 - Statistics

General Stats
  • This quiz has been taken 8 times
  • The average score is 206 of 278
Answer Stats
Answer % Correct
a
100%
And
100%
and
100%
be
100%
day
100%
girl
100%
her
100%
I
100%
lives
100%
love
100%
loves
100%
man
100%
me
100%
my
100%
of
100%
on
100%
she
100%
So
100%
the
100%
this
100%
time
100%
to
100%
To
100%
will
100%
always
83%
boy
83%
can
83%
don't
83%
Down
83%
down
83%
From
83%
from
83%
have
83%
I'll
83%
in
83%
is
83%
just
83%
look
83%
never
83%
night
83%
that
83%
that's
83%
town
83%
up
83%
work
83%
back
67%
But
67%
fine
67%
little
67%
more
67%
One
67%
one
67%
see
67%
there
67%
was
67%
way
67%
boss
50%
daddy
50%
Every
50%
every
50%
find
50%
hold
50%
old
50%
put
50%
side
50%
wan
50%
away
33%
Billy Joe Royal
33%
boondocks
33%
born
33%
Cause
33%
fit
33%
guess
33%
head
33%
hill
33%
like
33%
Lord
33%
mercy
33%
People
33%
save
33%
she'll
33%
society
33%
Until
33%
content
17%
dare
17%
dime
17%
door
17%
house
17%
king
17%
knock
17%
lights
17%
morning
17%
move
17%
shack
17%
slave
17%
steal
17%
tonight
17%
watch
17%
whenever
17%
sideo
0%
No matching quizzes found
Score Distribution
Percent of People with Each Score
Percentile by Number Answered
Your Score History
You have not taken this quiz